000 00219 a2200097 4500
001 16772
100 _aGrafstein paul
245 _aPictorial handbook of technical devices
260 _a
_bArco
_c
090 _c12639
_d12639
942 _aNUST-CAE
_cM
_c2935
999 _c251845
_d251845